Представление документа в формате MARC21

Поле Инд. ПП Название Значение
Тип записи a
Библиографический уровень b
001 Контрольный номер RU/IS/BASE/290105678
005 Дата корректировки 20200609205015.1
008 Кодируемые данные 20090311
040 b Код языка каталог. rus
e Правила каталог. PSBO
041 0_ a Код языка текста rus
084 a Индекс другой классификации/Индекс ББК 81.411.2-03; 81.411.2-3; 81.411-03
100 1_ a Автор Смолина К. П.
245 10 a Заглавие ДЕРЖАВА в контексте конкретно-исторических языковых изменений
504 a Библиография Библиогр. ссылки
520 0_ a Аннотация Рассматривается история слова ДЕРЖАВА в русском и других восточнославянских языках
650 04 a Основная рубрика лексикология
a Основная рубрика русский язык
a Основная рубрика филологические науки
a Основная рубрика частное языкознание; история языка
a Основная рубрика языкознание
653 0_ a Ключевые слова белорусский язык
a Ключевые слова восточнославянские языки
a Ключевые слова держава
a Ключевые слова древнерусский язык
a Ключевые слова украинский язык
773 08 t Заглавие источника Филологические науки
d Дата издания источника 2008
g Прочая информация № 1. - С. 94 - 100
w Контрольный № источника RU/IS/BASE/256826202
901 t Тип документа b